| 000 | 01141cam a22003257a 4500 | ||
|---|---|---|---|
| 003 | CHAP | ||
| 005 | 20220817043312.0 | ||
| 008 | 971013s1974 r 00010 d | ||
| 010 | _a71150 | ||
| 011 | _a72122 | ||
| 035 | _a81676 | ||
| 040 | _cCHAP | ||
| 082 |
_a339.42 _bB34 |
||
| 110 |
_aBanco de México _99829 |
||
| 245 | 1 | 3 |
_aLa distribución del ingreso en México : _bencuesta sobre los ingresos y gastos de las familias, 1968 |
| 260 |
_aMéxico, D. F. : _bFondo de Cultura Económica, _c1974 |
||
| 300 | _a173 p. | ||
| 490 | 0 | _aSección de obras de economía | |
| 590 |
_aBATCH-UPD _b10 _c20130110 _lUCH01 _h1532 |
||
| 590 |
_aBATCH-UPD _b10 _c20130410 _lUCH01 _h0938 |
||
| 590 |
_aBATCH-UPD _b10 _c20130914 _lUCH01 _h1054 |
||
| 590 |
_aCONVERSION _b10 _c20130109 _lUCH01 _h1339 |
||
| 650 | 1 | 4 |
_aCostos y nivel de vida _zMéxico. _928549 |
| 650 | 1 | 4 |
_aIngresos _zMéxico. _958408 |
| 830 | 0 | _aSección de obras de economía | |
| 901 | _aBK | ||
| 942 | _cLIBRO | ||
| 949 |
_a339.42 B34 _bBC _cLIBRO _d33724000380291 _eLIBRO _h46825 _i81676 _si _t200.00 |
||
| 949 |
_a339.42 B34 _bBC _cLIBRO _d33724002205926 _eLIBRO _fc.2 _h40408 _i81676 _si _t200.00 |
||
| 999 |
_c71150 _d71150 |
||